Arrondissements de Montréal sur une carte - Statistiques

Statistiques générales
  • Ce quiz a été pris 292 fois
  • Le résultat moyen est 19 sur 34
Réponses sur la Carte
Les réponses sont colorées sur une échelle allant du rouge au vert en fonction du pourcentage des utilisateurs qui les ont devinées à leur premier essai. Vous pouvez retrouver ces pourcentages ci-dessous.
 
Statistiques - réponses
Type de quiz Arrondissements % Correct
Arrondissement Montréal-Nord
79%
Municipalité Mont-Royal
79%
Arrondissement Mercier–Hochelaga-Maisonneuve
75%
Municipalité Westmount
75%
Arrondissement Côte-des-Neiges–Notre-Dame-de-Grâce
72%
Arrondissement Le Plateau-Mont Royal
71%
Arrondissement Rosemont-La Petite-Patrie
71%
Arrondissement Verdun
71%
Arrondissement Ville-Marie
68%
Arrondissement Villeray–Saint-Michel–Parc-Extension
68%
Arrondissement Anjou
65%
Arrondissement Ahuntsic-Cartierville
63%
Arrondissement LaSalle
63%
Arrondissement Outremont
63%
Arrondissement Saint-Laurent
63%
Municipalité Montréal-Est
61%
Arrondissement Rivière-des-Prairies–Pointe-aux-Trembles
61%
Municipalité Dorval
59%
Arrondissement Lachine
58%
Arrondissement Saint-Léonard
58%
Arrondissement Pierrefonds-Roxboro
52%
Arrondissement L'Île-Bizard–Sainte-Geneviève
49%
Municipalité Montréal-Ouest
49%
Municipalité Kirkland
46%
Municipalité Pointe-Claire
45%
Arrondissement Le Sud-Ouest
43%
Municipalité Beaconsfield
39%
Municipalité Côte-Saint-Luc
39%
Municipalité Dollard-des-Ormeaux
39%
Municipalité Sainte-Anne-de-Bellevue
39%
Municipalité Baie d'Urfé
35%
Municipalité Hampstead
32%
Municipalité Senneville
31%
Municipalité L’Île-Dorval
27%
Aucun quiz correspondant
Distribution des résultats
% des personnes avec chaque résultat
Percentile par nombre de réponses
Votre historique - résultats
Vous n’avez pas pris ce quiz